Las décadas oscuras
সংরক্ষণ করুন:
| প্রধান লেখক: | |
|---|---|
| বিন্যাস: | গ্রন্থ |
| ভাষা: | স্প্যানিশ |
| প্রকাশিত: |
Buenos Aires
Infinito
1960
|
| মালা: | Biblioteca de Arquitectura, 10
|
| বিষয়গুলি: | |
| ট্যাগগুলো: |
ট্যাগ যুক্ত করুন
কোনো ট্যাগ নেই, প্রথমজন হিসাবে ট্যাগ করুন!
|
MARC
| LEADER | 00000nam a2200000 a 4500 | ||
|---|---|---|---|
| 001 | UCT1703 | ||
| 003 | CL-VaPUC | ||
| 008 | 961004e19600000AG |||||||||||||||||spa|d | ||
| 082 | 0 | 4 | |a 724.52 |b MUM |2 21 |
| 100 | |a Mumford, Lewis |e autor |9 869690 | ||
| 245 | 1 | 4 | |a Las décadas oscuras |
| 300 | |a 223 p | ||
| 942 | |c BK | ||
| 945 | |d 19961004 00:00:00 |a rleighto | ||
| 260 | |a Buenos Aires |b Infinito |c 1960 | ||
| 650 | 0 | |a Arquitectura |9 804558 | |
| 650 | 0 | |a Arquitectura moderna |9 265021 | |
| 650 | 0 | |a Diseño arquitectónico |9 265271 | |
| 650 | 0 | |a Diseño artístico |9 330956 | |
| 650 | 0 | |a Arte |9 265238 | |
| 651 | 0 | |a Estados Unidos |9 255178 | |
| 583 | |a last modification |c 19961004 00:00:00 |k Rodrigo Vera | ||
| 490 | 0 | |a Biblioteca de Arquitectura, 10 | |
| 999 | |c 252162 |d 252160 | ||
| 952 | |0 0 |1 0 |4 0 |6 724_520000000000000_MUM_1960 |7 0 |8 P |9 271863 |a BIBARQ |b BIBARQ |d 2019-11-19 |i 323570K |l 2 |m 1 |o 724.52 MUM 1960 |p 323570K |r 2025-01-20 |s 2022-10-12 |w 2019-11-19 |y BK |k ARQ | ||
| 952 | |0 0 |1 0 |4 0 |6 724_520000000000000_MUM_1960 |7 0 |8 P |9 271864 |a BIBARQ |b BIBARQ |d 2019-11-19 |i 3235718 |o 724.52 MUM 1960 |p 3235718 |r 2025-01-20 |w 2019-11-19 |y BK |k ARQ | ||
| 952 | |0 0 |1 0 |4 0 |6 724_520000000000000_MUM_1960 |7 0 |8 A |9 271865 |a BIBEDU |b BIBEDU |d 2019-11-19 |i 1414755 |o 724.52 MUM 1960 |p 1414755 |r 2019-11-19 |w 2019-11-19 |y BK |k LIT | ||
| 952 | |0 0 |1 0 |4 0 |6 724_520000000000000_MUM_1960 |7 0 |8 A |9 271866 |a BIBHIS |b BIBHIS |d 2019-11-19 |i 1361619 |o 724.52 MUM 1960 |p 1361619 |r 2025-01-20 |w 2019-11-19 |y BK |k HIS | ||